| 000 | 00667nam a22002297a 4500 | ||
|---|---|---|---|
| 001 | 8201 | ||
| 003 | FISKH | ||
| 005 | 20250902103502.0 | ||
| 008 | 250902b cb ||||| |||| 00| 0 eng d | ||
| 040 |
_aFISKH _beng _cFISKH _dFISKH |
||
| 050 | _aPE1119 | ||
| 082 | _a428.6 | ||
| 100 | _aBurningham, John | ||
| 245 |
_aThe rabbit / _cJohn Burningham |
||
| 260 |
_aNew York : _bThomas Y. Crowell, _c1974. |
||
| 300 |
_a20 unnumbered pages : _bcolor illustrations ; _c17 cm |
||
| 505 | _aNP | ||
| 520 | _aA little boy describes the activities of his pet rabbit. | ||
| 650 |
_aChildren's book _v20th century _xpicture book |
||
| 942 |
_2ddc _cBK _n0 |
||
| 999 |
_c8201 _d8201 |
||